00806nam a2200205 i 450000100060000000300090000600500170001500700030003200800410003510000290007624501520010526000670025730000220032449000250034670000280037183000330039985200310043299900170046395201200048021951ES-MaACL20230906152559.0t|021128s1944 ag ||||1| spa d1 aAlexander, Franz.91976410aNuestra era irracional b: un estudio de las fuerzas irracionales de la vida colectiva / cFranz Alexander ; versión castellana de Pablo Simón. aBuenos Aires : bPoseidón, c[1944] (fAlfonso Ruiz y Cía) a373 p. ; c24 cm.1 aColección Scientia1 aSimón, Pablo.91065300 aColección Scientia9181532 aES-MaACLjC-5550 bR.26027 c21951d21951 00104070aATENEOMbATENEOMcSPALd2008-01-17eSCl0oC-5550p1022563r2023-02-23 00:00:00w2023-02-23yMONOGRAFIA